Normale Ansicht MARC-Ansicht ISBD

God sredi čerkesov : (Titelsatznr. 11261)

[ MARC ]
MARC-Details
000 -Satzkennung
Kontrollfeld mit fester Länge 00718nam a22002531c 4500
001 - Kontrollnummer
Kontrollfeld a987662299
008 - Feld mit fester Länge zur physischen Beschreibung - Allgemeine Angaben
Kontrollfeld mit fester Länge 081021s2002 gw |||| 000u rus d
041 ## - Sprachcode
Sprachcode des Textes/der Tonspur oder des separaten Titels rus
040 ## - Katalogisierungsquelle
Übertragungsstelle RU-10907106
003 - Kontrollnummer Identifier
Kontrollfeld RU-10907106
100 1# - Haupteintragung - Personenname
Personenname Longworth, John A.
240 12 - Einheitstitel
Einheitstitel A year among the circassians
245 00 - Titel
Titel God sredi čerkesov :
Zusatz zum Titel v dvuch tomach /
Verfasserangabe etc. Dž. A. Longvort - s anglijskogo perevel V. M. Atalikov
264 ## - Produktion, Veröffentlichung, Distribution, Herstellung und Urheberrechtsvermerk
Herstellungs-, Veröffentlichungs- Vertriebs-, Erzeugungsort Nal'čik :
Produzent, Herausgeber, Distributor, Hersteller El'-Fa,
Datum der Herstellung, der Veröffentlichung, des Vertriebs oder des Urheberschutzvermerks 2002
490 #0 - Gesamttitelangabe
Gesamttitelangabe Kavkazskij literaturno-istoričeskij olimp
Bandnummer/Folgebezeichnung 10
650 #0 - Nebeneintragung unter einem Schlagwort - Sachschlagwort
Sachschlagwort oder geografischer Name als Eintragungselement The Times
650 #0 - Nebeneintragung unter einem Schlagwort - Sachschlagwort
Sachschlagwort oder geografischer Name als Eintragungselement Zeitung
650 #0 - Nebeneintragung unter einem Schlagwort - Sachschlagwort
Sachschlagwort oder geografischer Name als Eintragungselement Kaukasus
650 #0 - Nebeneintragung unter einem Schlagwort - Sachschlagwort
Sachschlagwort oder geografischer Name als Eintragungselement Nordkaukasus
650 #0 - Nebeneintragung unter einem Schlagwort - Sachschlagwort
Sachschlagwort oder geografischer Name als Eintragungselement Tscherkessen
655 #0 - Indexierungsterm - Genre/Form
Genre/Form oder fokussierter Term
655 #0 - Indexierungsterm - Genre/Form
Genre/Form oder fokussierter Term Reisebericht
942 ## - Zusätzliche Felder (Koha)
Koha-Medientyp Monographien
Exemplare
Ausgeschieden Verloren Klassifikation oder Aufstellungssystematik Beschädigt Nicht entleihbar Heimatbibliothek Aufenthaltsbibliothek Aufstellungsort Erwerbungsdatum Inventarnummer Signatur Barcode Letzte Aktivität Preis gültig von Koha-Medientyp
    Andere/Generische Klassifikation     MWN Osteuropa MWN Osteuropa Magazin - 2 21/10/2008 08-04141 R 53 n Kaukas 11 E004015078FCCAF6 23/02/2021 22/03/2021 Monographien